Ruská federace

Hospodársko-ekonomická charakteristika Ruskej federácie. Vzťahy Českej republiky a Ruska. Vzájomný obchod Česka a Ruska. Perspektívne trhové komodity a sektory.

Uložené v:
Podrobná bibliografia
Hlavný autor: Kubizňák, Ladislav
Médium: Kapitola
Jazyk:Czech
Predmet:
Tagy: Pridať tag
Žiadne tagy, Buďte prvý, kto otaguje tento záznam!

MARC

LEADER 00000naa a2200000 4500
001 r033161
005 20230920095225.5
041 0 |a cze 
044 |a CZ 
245 1 0 |a Ruská federace  |c Ladislav Kubizňák 
520 |a Hospodársko-ekonomická charakteristika Ruskej federácie. Vzťahy Českej republiky a Ruska. Vzájomný obchod Česka a Ruska. Perspektívne trhové komodity a sektory. 
610 2 0 |a obchod zahraničný 
610 2 0 |a dovoz 
610 2 0 |a vývoz 
610 2 0 |a bilancia obchodná 
610 2 0 |a komodity 
610 2 0 |a Rusko 
610 2 0 |a Česko 
100 1 |a Kubizňák, Ladislav